000 00248nam a22001217a 4500
040 _cSK
082 _a664
100 _aFAO
245 _aValidation of analytical methods for food control
260 _aROME
_bFAO
_c1998
300 _aNA
942 _cEK
999 _c8588
_d8588